| 000 | 00755nam a2200241Ia 4500 | ||
|---|---|---|---|
| 003 | OSt | ||
| 005 | 20210429180807.0 | ||
| 008 | 210310s2002 ck ao gr 000 0 spa d | ||
| 020 | _a958021865X | ||
| 040 |
_aCO-JMCR _cCO-JMCR |
||
| 041 | 0 | _aspa | |
| 082 | 0 | 4 |
_a070.449 / _bZ161d _223 |
| 100 | 1 |
_aZapata Correa, Gabriel, _eautor _925954 |
|
| 245 | 1 | 3 |
_aDe frente / _cGabriel Zapata Correa |
| 260 |
_aBogotá : _bDelfín, _c2002. |
||
| 300 |
_a194 páginas : _bfotografías en blanco y negro ; _c24 cm. |
||
| 500 | _aIncluye biografía del autor en página 7. | ||
| 650 | 1 | 4 |
_aPeriodismo. _925956 |
| 650 | 2 | 4 |
_aCiencias políticas. _937275 |
| 650 | 2 | 4 |
_aCondiciones sociopolíticas. _937276 |
| 650 | 2 | 4 |
_aHistoria económica. _937277 |
| 942 |
_2ddc _cBK |
||
| 999 |
_c11603 _d11603 |
||